Social differentiation /

Bibliographic Details
Main Author: Svalastoga, Kaare
Format: Book
Language:English
Published: New York : D. McKay, [1965]
Series:McKay social science series.
Subjects:

MARC

Tag First Indicator Second Indicator Subfields
LEADER 00000cam a2200000 a 4500
001 in00000037990
005 20151007080746.0
008 740124s1965 nyua b 00010 eng
010 |a  65017199  
035 |a (OCoLC)00781807 
035 |9 AAF5330AM 
040 |a DLC  |c KSU  |d m.c.  |d SER  |d TXA  |d UtOrBLW 
049 |a TXAM  |c 1 [456694], 2 [804193] 
050 0 0 |a HM136  |b  S9 
090 |a HM136  |b .S9 
100 1 |a Svalastoga, Kaare. 
245 1 0 |a Social differentiation /  |c by Kaare Svalastoga. 
264 1 |a New York :  |b D. McKay,  |c [1965] 
264 4 |c ©1965 
300 |a xiv, 174 pages :  |b illustrations ;  |c 21 cm. 
336 |a text  |b txt  |2 rdacontent 
337 |a unmediated  |b n  |2 rdamedia 
338 |a volume  |b nc  |2 rdacarrier 
490 1 |a McKay social science series 
500 |a Includes indexes. 
504 |a Bibliography: pages 153-166. 
650 0 |a Social classes. 
650 0 |a Sociology. 
830 0 |a McKay social science series. 
999 |a MARS 
999 f f |s 6af2d0da-24c2-3fd5-919b-f6ffb60bc274  |i 03753ebb-6b64-3bce-afcd-f8622d5bd73c  |t 0 
952 f f |p normal  |a Texas A&M University  |b College Station  |c Sterling C. Evans Library  |d Evans: Library Stacks  |t 0  |e HM136 .S9  |h Library of Congress classification  |i unmediated -- volume  |m A14800643091 
998 f f |a HM136 .S9  |t 0  |l Evans: Library Stacks